Giải phóng giá trị đất đai để cung cấp tài chính cho cơ sở hạ tầng đô thị = Unlocking land values to finance urban infrastructure
Gồm các vấn đề về huy động tài chính từ đất đai đầu tư cho cơ sở hạ tầng đô thị. Liên kết các nguyên tắc với các công cụ huy động tài chính từ đất đai (kinh nghiệm các nước đang phát triển và huy động tài chính đầu tư cho cơ sở hạ...
محفوظ في:
| المؤلف الرئيسي: | |
|---|---|
| التنسيق: | كتاب |
| اللغة: | Undetermined |
| منشور في: |
Washington DC.
World Bank
2009
|
| الموضوعات: | |
| الوسوم: |
إضافة وسم
لا توجد وسوم, كن أول من يضع وسما على هذه التسجيلة!
|
| Thư viện lưu trữ: | Trung tâm Học liệu Trường Đại học Cần Thơ |
|---|
| LEADER | 01450nam a2200217Ia 4500 | ||
|---|---|---|---|
| 001 | CTU_169362 | ||
| 008 | 210402s9999 xx 000 0 und d | ||
| 082 | |a 333.16 | ||
| 082 | |b P485 | ||
| 100 | |a Peterson, George E. | ||
| 245 | 0 | |a Giải phóng giá trị đất đai để cung cấp tài chính cho cơ sở hạ tầng đô thị = | |
| 245 | 0 | |b Unlocking land values to finance urban infrastructure | |
| 245 | 0 | |c George E. Peterson | |
| 260 | |a Washington DC. | ||
| 260 | |b World Bank | ||
| 260 | |c 2009 | ||
| 520 | |a Gồm các vấn đề về huy động tài chính từ đất đai đầu tư cho cơ sở hạ tầng đô thị. Liên kết các nguyên tắc với các công cụ huy động tài chính từ đất đai (kinh nghiệm các nước đang phát triển và huy động tài chính đầu tư cho cơ sở hạ tầng ở các nước đang phát triển. Đồng thời điều chỉnh kết toán và quản lý tài sản đất, kèm theo kết luận, đề xuất và các vấn đề cân nhắc | ||
| 650 | |a Infrastructure (Economics) |x Finance,Land use, Urban,Public land sales,Sử dụng đất, đô thị,Cơ sở hạ tầng (Kinh tế học) | ||
| 650 | |x Tài chính | ||
| 904 | |i Trọng Hiếu | ||
| 980 | |a Trung tâm Học liệu Trường Đại học Cần Thơ | ||